00426 a2200157 4500001000700000003000400007005001700011008004100028082001900069100001700088245007400105260003700179300001000216700001900226700002300245132326OSt20211025150256.0  a155.9042bP24S1 aParmar, R.G.1 aStress managementcby R.G. Parmar, Vibha K. Vyas and Jignesh Tapariya aJaipurbParadise Publisherc2011 a304p. aVyas, Vibha K. aTapariya, Jignesh